000 00412cam a2200157ua 4500
041 _aeng
_h
082 _a328.3
_bCRV/ PR
100 _aCruzan, Rosmarie .
245 _aPractical parliamentary procedure /
_cRosmarie Cruzan.
_hTextual Documents
250 _a1 /
_b.
260 _aBloomington :
_bMcknight publishing company ,
_c1953.
300 _a219 ; .
504 _a
942 _cBK
999 _c2095
_d2095